| 000 | 00770cam a2200229 a 4500 | ||
|---|---|---|---|
| 001 | 3906195 | ||
| 005 | 20180309071849.0 | ||
| 008 | 910703s1991 flua b 001 0 eng | ||
| 010 | _a 91026690 | ||
| 020 | _a0849377323 | ||
| 040 |
_aDLC _cDLC _dDLC |
||
| 041 | _aeng | ||
| 080 | _a541.22 EBS | ||
| 082 | 0 | 0 |
_a541.22 EBS _220 |
| 100 | 1 | _a12 | |
| 101 | _aKIM | ||
| 245 | 1 | 0 |
_aStructural methods in inorganic chemistry / _cE.A.V. Ebsworth, David W.H. Rankin, Stephen Cradock ; foreword by Kenneth Raymond. |
| 504 | _aIncludes bibliographical references and indexes. | ||
| 906 |
_a7 _bcbc _corignew _d1 _eocip _f19 _gy-gencatlg |
||
| 942 |
_2ddc _cBK |
||
| 999 |
_c44570 _d44570 |
||